000 01049nam a2200289 i 4500
003 EG-GICUC
005 20260225121251.0
008 260225s1906 be ||||fr|||| 00| 0 fre d
040 _aEG-GiCUC
_bfre
_cEG-GiCUC
_dEG-GiCUC
_erda
082 0 4 _221
_a341.83
_bJE . S
092 0 4 _221
099 _aLaw1 12 341.83 JE . S 1906
100 1 _aJehay, Le Comte F. Van Den Steen De
_eAuteur
245 1 6 _aDe La Situation Legale Des Sujets Ottomans Non-musulmans :
_bAvec Une Carte Administrative en Couleurs De La Turquie D'europe Et De La Turquie D'asie /
_cLe Comte F. Van Den Steen De Jehay.
264 1 _aBruxelles :
_bSociété Belge De Librairie,
_c1906.
300 _a556pages :
_billustrations,
_c24 cm
336 _2rda content
_atext
337 _2rda media
_aComputer
338 _2rda carrier
_aOnline Resource
504 _a
546 _aTexte en français
650 1 4 _aDroit international privé
_2
651 1 _2
856 4 0 _uhttps://fll.law.cu.edu.eg/fulltext/bks/B12-02912.pdf
905 _a50
942 _2ddc
_cBK
_e21
_n0
999 _c64201
_d64201